000 00187 a2200097 4500
020 _a9781616728632
041 _aspa
100 _aJennefer Schieber
245 _aHacer Deporte
942 _cK
999 _c27548
_d27548